Los Reyes Católicos entran triunfantes en Granada después de la rendición (Record no. 84590)

MARC details
000 -LEADER
campo de control de longitud fija 01882nkc a2200301za 4500
001 - NÚMERO DE CONTROL
campo de control 84590
003 - IDENTIFICADOR DE NÚMERO DE CONTROL
campo de control OSt
005 - FECHA Y HORA DE LA ÚLTIMA TRANSACCIÓN
campo de control 20260423163354.0
007 - CAMPO FIJO DE DESCRIPCIÓN FÍSICA--INFORMACIÓN GENERAL
campo de control de longitud fija kh boc
008 - DATOS DE LONGITUD FIJA--INFORMACIÓN GENERAL
campo de control de longitud fija 250410s1909 sp ||||| ||||||0| i|spa d
040 ## - FUENTE DE CATALOGACIÓN
Centro/agencia transcriptor M-RABA
Centro catalogador/agencia de origen M-RABA
Lengua de catalogación spa
245 04 - MENCIÓN DEL TÍTULO
Título Los Reyes Católicos entran triunfantes en Granada después de la rendición
Medio [Material gráfico]
Mención de responsabilidad, etc. / Manuel Tolsa Sarrión
246 ## - FORMA VARIANTE DEL TITULO
Título propio/Titulo breve Entrada triunfante de los Reyes Católicos en Granada
260 ## - PUBLICACIÓN, DISTRIBUCIÓN, ETC.
Nombre del editor, distribuidor, etc. [Hauser y Menet]
Fecha de publicación, distribución, etc. , [ca. 1909]
300 ## - DESCRIPCIÓN FÍSICA
Extensión 1 fotografía
Otras características físicas : gelatina de plata
Dimensiones ; imagen 20 x 14 cm
-- ; soporte secundario 30 x 24 cm
500 ## - NOTA GENERAL
Nota general Fotografía del relieve "Entrada triunfante de los Reyes Católicos en Granada" de Manuel Tolsa, obteniendo el segundo premio de la Academia en Escultura, de primera clase en el año 1784. Se conserva en el Museo de la Real Academia de Bellas Artes de San Fernando con nº de inventario E-314.<br/>
500 ## - NOTA GENERAL
Nota general Montada sobre un soporte secundario de cartón, con texto manuscrito a lápiz en la parte inferior al recto: "Los Reyes Católicos entran triunfantes en Granada después de la rendición-Concurso de 1784-1ª clase. 2ª id D. Manuel Folsa". Nota manuscrita al verso a lápiz rojo: "1784-1ª clase".
500 ## - NOTA GENERAL
Nota general Fecha probable de la realización de la fotografía realizada por Hauser y Menet.<br/>
544 ## - NOTA DE LOCALIZACIÓN DE MATERIALES DE ARCHIVO RELACIONADOS
Depositario(custodio) Archivo de la Real Academia de Bellas Artes de San Fernando (Le-4-29-1)
600 17 - PUNTO DE ACCESO ADICIONAL DE MATERIA--NOMBRE DE PERSONA
Nombre de persona Tolsá, Manuel (
Fechas asociadas al nombre 1757-1816)
9 (RLIN) 1886
610 24 - PUNTO DE ACCESO ADICIONAL DE MATERIA--NOMBRE DE ENTIDAD CORPORATIVA
Nombre de entidad corporativa o nombre de jurisdicción como elemento de entrada Real Academia de Bellas Artes de San Fernando.
9 (RLIN) 75832
651 #7 - PUNTO DE ACCESO ADICIONAL DE MATERIA--NOMBRE GEOGRÁFICO
Nombre geográfico Madrid
Fuente del encabezamiento o término embne
9 (RLIN) 75182
655 #7 - TERMINO DE INDIZACIÓN--GENERO/FORMA
Datos o término principal de género/forma Fotografías de obras de arte
9 (RLIN) 75675
710 2# - ENTRADA AGREGADA--NOMBRE DE ENTIDAD CORPORATIVA
Nombre de entidad corporativa o nombre de jurisdicción como elemento de entrada Hauser y Menet (Madrid)
9 (RLIN) 50978
852 ## - LOCALIZACIÓN
Número de control de estantería Fot-614
856 ## - LOCALIZACIÓN Y ACCESO ELECTRÓNICOS
Materiales especificados Fot-614
Identificador Uniforme de Recurso <a href="https://archivoybiblioteca.realacademiabellasartessanfernando.com/cgi-bin/koha/opac-retrieve-file.pl?id=37292586db849ba37dedd715c44b9ae2">https://archivoybiblioteca.realacademiabellasartessanfernando.com/cgi-bin/koha/opac-retrieve-file.pl?id=37292586db849ba37dedd715c44b9ae2</a>
942 ## - ELEMENTOS DE ENTRADA SECUNDARIOS (KOHA)
Fuente de la clasificación o esquema de estantería Clasificación Decimal Dewey
Tipo de ítem Koha Fotografías
Suprimir en OPAC No
Holdings
Estatus retirado Estado de pérdida Fuente de la clasificación o esquema de estantería Estado de daño No para préstamo Colección Biblioteca de origen Biblioteca actual Ubicación en estantería Fecha de adquisición Total de préstamos Signatura topográfica completa Código de barras Visto por última vez Precio de reemplazo Tipo de ítem Koha
    Clasificación Decimal Dewey     Fotografía Real Academia de la Bellas Artes de San Fernando Real Academia de la Bellas Artes de San Fernando Depósito 2 29/04/2025   Fot-614 1095473 29/04/2025 29/04/2025 Fotografías

Powered by Koha